| 000 | 00655nam a2200217 a 4500 | ||
|---|---|---|---|
| 001 | 000008379 | ||
| 005 | 20240412074207.0 | ||
| 008 | 090916t1965 dr a 001 p spa d | ||
| 040 |
_aDO-SdBNP _bspa _cBNPHU |
||
| 082 |
_aRD861.44 _bH557c |
||
| 100 |
_aHernández Rueda, Lupo, _d1930-2017 _923790 |
||
| 245 | 1 | 0 |
_aCrónica del sur / _cLupo Hernández Rueda. |
| 260 |
_aSanto Domingo : _bArte y Cine, _c1965. |
||
| 300 |
_a70 p. : _bil. ; _c24 cm. |
||
| 490 | 1 |
_aTestimonio _v4 |
|
| 650 | 0 |
_aPoesía dominicana _966 |
|
| 650 | 0 |
_aLiteratura dominicana. _967 |
|
| 830 | 0 |
_aTestimonio _v4 _916115 |
|
| 910 | _aValidado. Control de calidad EMS. | ||
| 049 | _aBNPD | ||
| 999 |
_c8150 _d8150 |
||